Comprendre Sartre (notice n° 1567530)
[ vue normale ]
| 000 -LEADER | |
|---|---|
| fixed length control field | 01230cam a2200133 4500500 |
| 005 - DATE AND TIME OF LATEST TRANSACTION | |
| control field | 20251214002829.0 |
| 041 ## - LANGUAGE CODE | |
| Language code of text/sound track or separate title | fre |
| 042 ## - AUTHENTICATION CODE | |
| Authentication code | dc |
| 100 10 - MAIN ENTRY--PERSONAL NAME | |
| Personal name | Rizk, Hadi |
| Relator term | author |
| 245 00 - TITLE STATEMENT | |
| Title | Comprendre Sartre |
| 260 ## - PUBLICATION, DISTRIBUTION, ETC. | |
| Name of publisher, distributor, etc. | Armand Colin,<br/> |
| Date of publication, distribution, etc. | 2011.<br/> |
| 520 ## - SUMMARY, ETC. | |
| Summary, etc. | Jean-Paul Sartre, personnage médiatique, polémiste, journaliste, critique littéraire, dramaturge, romancier, psychologue et philosophe… est une sorte d’archétype du penseur engagé et de l’intellectuel de la deuxième partie du XXe siècle. Idolâtré ou conspué, il n’a laissé personne indifférent. Que reste-t-il de lui et du modèle qu’il a offert ? Notre époque est-elle disposée à faire crédit à son affirmation de la responsabilité absolue de l’homme ? Ce livre retrace les grands moments de son existence : sa « route commune » avec les marxistes, son refus du prix Nobel Mai 68 et la fondation de Libération. Il introduit parallèlement à la lecture de son œuvre, des Mots à la Critique de la raison dialectique, en passant par La Nausée, L’Existentialisme est un humanisme, Huis Clos ou L’Être et le Néant. |
| 856 41 - ELECTRONIC LOCATION AND ACCESS | |
| Uniform Resource Identifier | <a href="https://shs.cairn.info/comprendre-sartre--9782200346416?lang=fr&redirect-ssocas=7080">https://shs.cairn.info/comprendre-sartre--9782200346416?lang=fr&redirect-ssocas=7080</a> |
Pas d'exemplaire disponible.




Réseaux sociaux